Cezhraničné bankovníctvo na vlásku

Dcérske spoločnosti cezhraničných bánk a problémy spojené s dlhovou krízou v EÚ. Podpora a pomoc európskym bankám a jej rozšírenie na dcérske spoločnosti. Riešenie krízy, ktoré musí zohľadňovať záujmy domovských aj hostiteľských krajín týchto bánk.

Uložené v:
Podrobná bibliografia
Hlavný autor: Berglof, Erik
Médium: Kapitola
Jazyk:Slovak
Predmet:
Tagy: Pridať tag
Žiadne tagy, Buďte prvý, kto otaguje tento záznam!

MARC

LEADER 00000naa a2200000 4500
001 0146346
005 20220725111328.3
041 0 |a slo 
044 |a SK 
245 1 0 |a Cezhraničné bankovníctvo na vlásku  |c Erik Berglof 
520 |a Dcérske spoločnosti cezhraničných bánk a problémy spojené s dlhovou krízou v EÚ. Podpora a pomoc európskym bankám a jej rozšírenie na dcérske spoločnosti. Riešenie krízy, ktoré musí zohľadňovať záujmy domovských aj hostiteľských krajín týchto bánk. 
610 2 0 |a Európska únia 
610 2 0 |a banky 
610 2 0 |a bankovníctvo 
610 2 0 |a eurozóna 
610 2 0 |a kríza finančná 
610 2 0 |a spoločnosti dcérske 
610 2 0 |a primeranosť kapitálová 
610 2 0 |a regulácia 
610 2 0 |a bezpečnosť ekonomická 
610 2 0 |a spolupráca medzinárodná 
100 1 |a Berglof, Erik